<?xml version="1.0" encoding="UTF-8"?><?xml-stylesheet type="text/xsl" href="static/style.xsl"?><OAI-PMH xmlns="http://www.openarchives.org/OAI/2.0/" xmlns:xsi="http://www.w3.org/2001/XMLSchema-instance" xsi:schemaLocation="http://www.openarchives.org/OAI/2.0/ http://www.openarchives.org/OAI/2.0/OAI-PMH.xsd"><responseDate>2026-04-14T02:59:16Z</responseDate><request verb="GetRecord" identifier="oai:www.recercat.cat:2445/179520" metadataPrefix="marc">https://recercat.cat/oai/request</request><GetRecord><record><header><identifier>oai:recercat.cat:2445/179520</identifier><datestamp>2025-12-05T14:26:09Z</datestamp><setSpec>com_2072_1057</setSpec><setSpec>col_2072_478777</setSpec><setSpec>col_2072_478816</setSpec><setSpec>col_2072_478917</setSpec></header><metadata><record xmlns="http://www.loc.gov/MARC21/slim" xmlns:dcterms="http://purl.org/dc/terms/" xmlns:xsi="http://www.w3.org/2001/XMLSchema-instance" xmlns:doc="http://www.lyncode.com/xoai" xsi:schemaLocation="http://www.loc.gov/MARC21/slim http://www.loc.gov/standards/marcxml/schema/MARC21slim.xsd">
   <leader>00925njm 22002777a 4500</leader>
   <datafield ind2=" " ind1=" " tag="042">
      <subfield code="a">dc</subfield>
   </datafield>
   <datafield ind2=" " ind1=" " tag="720">
      <subfield code="a">Castro-Torres, Rubén Darío</subfield>
      <subfield code="e">author</subfield>
   </datafield>
   <datafield ind2=" " ind1=" " tag="720">
      <subfield code="a">Busquets Figueras, Oriol</subfield>
      <subfield code="e">author</subfield>
   </datafield>
   <datafield ind2=" " ind1=" " tag="720">
      <subfield code="a">Ettcheto Arriola, Miren</subfield>
      <subfield code="e">author</subfield>
   </datafield>
   <datafield ind2=" " ind1=" " tag="720">
      <subfield code="a">Camins Espuny, Antoni</subfield>
      <subfield code="e">author</subfield>
   </datafield>
   <datafield ind2=" " ind1=" " tag="720">
      <subfield code="a">Verdaguer Cardona, Ester</subfield>
      <subfield code="e">author</subfield>
   </datafield>
   <datafield ind2=" " ind1=" " tag="720">
      <subfield code="a">Auladell i Costa, M. Carme</subfield>
      <subfield code="e">author</subfield>
   </datafield>
   <datafield ind2=" " ind1=" " tag="260">
      <subfield code="c">2021-07-30T08:48:41Z</subfield>
   </datafield>
   <datafield ind2=" " ind1=" " tag="260">
      <subfield code="c">2021-07-30T08:48:41Z</subfield>
   </datafield>
   <datafield ind2=" " ind1=" " tag="260">
      <subfield code="c">2020-07-05</subfield>
   </datafield>
   <datafield ind2=" " ind1=" " tag="520">
      <subfield code="a">[eng] In mammals, the term "Adult Neurogenesis” (AN) defines the process through which, throughout adulthood, new neurons are&#xd;
produced from neural stem cells (NSC). These NSC are located in a specific niche, concretely, in the subventricular zone (SVZ),&#xd;
lining the lateral ventricles, and in the subgranular zone (SGZ) in the dentate gyrus (DG) of the hippocampus. Controversially, new&#xd;
data have questioned the existence of this AN in the human brain seeing how only populations of immature neurons (IN), broadly&#xd;
dispersed within SGZ, have been detected. Either way, neurogenic activity in the hippocampus has been correlated with learning,&#xd;
memory formation and behavioral responses to stress, just like with the pathophysiology of many brain diseases and mood disorders.&#xd;
Various extracellular and intracellular stimuli have been shown to modulate survival, proliferation, and differentiation of adult-born&#xd;
cells in the hippocampus, especially through conserved stimuli-response mechanisms like the JNKs. In the present review, the JNK&#xd;
pathway and their control of adult hippocampal neurogenesis are described, evidencing the critical role of isoform JNK1.</subfield>
   </datafield>
   <datafield ind2=" " ind1=" " tag="520">
      <subfield code="a">[cat] En mamíferos, el término “Neurogenesis Adulta (NA)”, se define como el proceso a través del cual, en adultos, se producen nuevas&#xd;
neuronas granulares a partir de células madre neurales (CMN). Estas CMN estan ubicadas en microambientes específicos, en concreto&#xd;
en la zona subventicular (ZSV), recubriendo los ventriculos laterales, y en la zona subgranular (ZSG) del giro dentado del hipocampo&#xd;
(GD). Sin embargo, nuevas informaciones han cuestionado la existencia de este proceso de neurogenesis adulta en el cerebro humano,&#xd;
ya que solamente se han detectado poblaciones de neuronas inmaduras (NI) dispersas a lo largo de la ZSG. Independientemente, la&#xd;
existencia de una actividad neurogénica en el hipocampo adulto se ha correlacionado con el aprendizaje, la formación de memoria y&#xd;
en el comportamiento ante situaciones de estrés, así como en la patofisiologia de diferentes patologías del cerebro, incluso en casos&#xd;
de alteraciones del estado de ánimo. Se ha demostrado que diferentes estímulos extracelulares e intracelulares controlan la&#xd;
supervivencia, la proliferación y la diferenciación de las nuevas neuronas del hipocampo, especialmente a través de mecanismos&#xd;
conservados de respuesta a estímulos como las JNKs. En la presente revisión se describe las JNK y su control de la neurogénesis&#xd;
hipocampal adulta, evidenciando el papel crucial de la isoforma JNK1.</subfield>
   </datafield>
   <datafield tag="653" ind2=" " ind1=" ">
      <subfield code="a">Proteïnes quinases</subfield>
   </datafield>
   <datafield tag="653" ind2=" " ind1=" ">
      <subfield code="a">Hipocamp (Cervell)</subfield>
   </datafield>
   <datafield tag="653" ind2=" " ind1=" ">
      <subfield code="a">Neurobiologia del desenvolupament</subfield>
   </datafield>
   <datafield tag="653" ind2=" " ind1=" ">
      <subfield code="a">Evolució del cervell</subfield>
   </datafield>
   <datafield tag="653" ind2=" " ind1=" ">
      <subfield code="a">Protein kinases</subfield>
   </datafield>
   <datafield tag="653" ind2=" " ind1=" ">
      <subfield code="a">Hippocampus (Brain)</subfield>
   </datafield>
   <datafield tag="653" ind2=" " ind1=" ">
      <subfield code="a">Developmental neurobiology</subfield>
   </datafield>
   <datafield tag="653" ind2=" " ind1=" ">
      <subfield code="a">Evolution of the brain</subfield>
   </datafield>
   <datafield ind2="0" ind1="0" tag="245">
      <subfield code="a">JNK isoforms control adult mammal hippocampal neurogenesis</subfield>
   </datafield>
</record></metadata></record></GetRecord></OAI-PMH>